000
00256nam a2200097Ia 4500
001
865724
005
20250826175534.0
008
250824s9999 xx 000 0 und d
245
0
_a
ALLAH DE ÖTESİNİ BIRAK NİYET 2
_c
UĞUR KOŞAR
260
_b
DESTEK YAYINLARI
999
_c
865724
_d
865724